eProcurement: cutting through the hype (Record no. 71303)
[ view plain ]
| 000 -LEADER | |
|---|---|
| fixed length control field | 00925cam a2200205 4500 |
| 001 - CONTROL NUMBER | |
| control field | WB3836-04 |
| 008 - FIXED-LENGTH DATA ELEMENTS--GENERAL INFORMATION | |
| fixed length control field | 021003n2002 000 0 eng u |
| 035 ## - SYSTEM CONTROL NUMBER | |
| System control number | (Sirsi) u119992 |
| 245 ## - TITLE STATEMENT | |
| Title | eProcurement: cutting through the hype |
| 260 ## - PUBLICATION, DISTRIBUTION, ETC. | |
| Date of publication, distribution, etc. | 2002 |
| 490 ## - SERIES STATEMENT | |
| Series statement | RICS Project Management Faculty News |
| Volume/sequential designation | 3 October 2002 (1) |
| 520 ## - SUMMARY, ETC. | |
| Summary, etc. | A new guide to eProcurement for the public sector called, "eProcurement: Cutting through the hype", has now been finalised. The guide highlights what professionals need to know about eProcurement to manage its introduction successfully. It is available on the Office of Government Commerce website, http://www.ogc.gov.uk/index.asp?docid=2314. For more information email [email protected] |
| 590 ## - LOCAL NOTE (RLIN) | |
| Local note | WB |
| 650 ## - SUBJECT ADDED ENTRY--TOPICAL TERM | |
| Topical term or geographic name entry element | Procurement |
| 9 (RLIN) | 6260 |
| 650 ## - SUBJECT ADDED ENTRY--TOPICAL TERM | |
| Topical term or geographic name entry element | GUIDANCE |
| 650 ## - SUBJECT ADDED ENTRY--TOPICAL TERM | |
| Topical term or geographic name entry element | Procurement-old |
| 650 ## - SUBJECT ADDED ENTRY--TOPICAL TERM | |
| Topical term or geographic name entry element | Project management |
| 9 (RLIN) | 6261 |
| 690 ## - LOCAL SUBJECT ADDED ENTRY--TOPICAL TERM (OCLC, RLIN) | |
| Topical term or geographic name as entry element | BUILT ENVIRONMENT |
| 942 ## - ADDED ENTRY ELEMENTS (KOHA) | |
| Suppress in OPAC | 0 |
| Withdrawn status | Lost status | Source of classification or shelving scheme | Damaged status | Not for loan | Home library | Current library | Shelving location | Date acquired | Total Checkouts | Full call number | Barcode | Date last seen | Copy number | Price effective from | Koha item type |
|---|---|---|---|---|---|---|---|---|---|---|---|---|---|---|---|
| Dewey Decimal Classification | London | London | News article | 03/10/2002 | WB3836-04 | 119992-1001 | 06/08/2019 | 1 | 06/08/2019 | News article |